Discrete-event system simulation. -- 5th ed. (Record no. 63592)

MARC details
000 -LEADER
fixed length control field 01594nam a2200253 a 4500
008 - FIXED-LENGTH DATA ELEMENTS--GENERAL INFORMATION
fixed length control field 100726s2010 ||||||||||||||||| || u
020 ## - INTERNATIONAL STANDARD BOOK NUMBER
International Standard Book Number 9780138150372
050 ## - LIBRARY OF CONGRESS CALL NUMBER
Classification number T 57.62 Dis
100 ## - MAIN ENTRY--PERSONAL NAME
Personal name Banks, Jerry
245 10 - TITLE STATEMENT
Title Discrete-event system simulation. -- 5th ed.
Statement of responsibility, etc. by Jerry Banks, [and others]
250 ## - EDITION STATEMENT
Edition statement 5th ed.
260 ## - PUBLICATION, DISTRIBUTION, ETC.
Place of publication, distribution, etc. Upper Saddle River, NJ:
Name of publisher, distributor, etc. Pearson
Date of publication, distribution, etc. 2010
300 ## - PHYSICAL DESCRIPTION
Extent 640p.: ill.
350 ## -
-- 0.00
500 ## - GENERAL NOTE
General note Includes Index and Appendix
650 #7 - SUBJECT ADDED ENTRY--TOPICAL TERM
Topical term or geographic name entry element TECHNOLOGY
Source of heading or term fast
650 ## - SUBJECT ADDED ENTRY--TOPICAL TERM
Topical term or geographic name entry element SIMULATION METHODS
995 ## -
-- TEXTBOOKS (SB)
-- 0.00
-- 03007597
-- CBU-SCHOOL TEXTBOOK COLLECTIONS
-- 1
-- 0.00
-- SCHOOL TEXTBOOK
-- 4
-- AVAILABLE
-- May 5, 2011
-- Z03007597
-- SB) School Collections
995 ## -
-- TEXTBOOKS (SB)
-- 0.00
-- 03007599
-- CBU-SCHOOL TEXTBOOK COLLECTIONS
-- 1
-- 0.00
-- SCHOOL TEXTBOOK
-- 6
-- AVAILABLE
-- May 5, 2011
-- Z03007599
-- Main Library Open Access Collection
995 ## -
-- MAIN LIBRARY OPEN ACCESS
-- 0.00
-- 741464
-- CBU-MAIN LIBRARY (Kitwe)
-- 1
-- 0.00
-- T 57.62 DIS
-- 1
-- AVAILABLE
-- Aug 19, 2010
-- 741464
-- Main Library Open Access Collection
995 ## -
-- TEXTBOOKS (SB)
-- 0.00
-- 03007598
-- CBU-SCHOOL TEXTBOOK COLLECTIONS
-- 1
-- 0.00
-- SCHOOL TEXTBOOK
-- 5
-- AVAILABLE
-- May 5, 2011
-- Z03007598
-- Main Library Open Access Collection
995 ## -
-- TEXTBOOKS (SB)
-- 0.00
-- 03007574
-- CBU-SCHOOL TEXTBOOK COLLECTIONS
-- 1
-- 0.00
-- SCHOOL TEXTBOOK
-- 2
-- AVAILABLE
-- May 5, 2011
-- Z03007574
-- Main Library Open Access Collection
995 ## -
-- TEXTBOOKS (SB)
-- 0.00
-- 03007596
-- CBU-SCHOOL TEXTBOOK COLLECTIONS
-- 1
-- 0.00
-- SCHOOL TEXTBOOK
-- 3
-- AVAILABLE
-- May 5, 2011
-- Z03007596
-- Main Library Open Access Collection
999 ## -
-- 63592
-- 63592
Holdings
Withdrawn status Lost status Source of classification or shelving scheme Damaged status Not for loan Permanent Location Current Location Shelving location Date acquired Total Checkouts Full call number Barcode Date last seen Copy number Price effective from Koha item type
          CBU-MAIN LIBRARY, KITWE. CBU-MAIN LIBRARY, KITWE.   12/27/2022   T 57.62 Dis 741464 12/27/2022 1 12/27/2022 MONOGRAPH
          CBU-SCHOOL TEXT BOOK COLLECTION CBU-SCHOOL TEXT BOOK COLLECTION   12/27/2022   SCHOOL TEXTBOOK Z03007597 12/27/2022 4 12/27/2022 MONOGRAPH
          CBU-SCHOOL TEXT BOOK COLLECTION CBU-SCHOOL TEXT BOOK COLLECTION   12/27/2022   SCHOOL TEXTBOOK Z03007599 12/27/2022 6 12/27/2022 MONOGRAPH
          CBU-SCHOOL TEXT BOOK COLLECTION CBU-SCHOOL TEXT BOOK COLLECTION   12/27/2022   SCHOOL TEXTBOOK Z03007598 12/27/2022 5 12/27/2022 MONOGRAPH
          CBU-SCHOOL TEXT BOOK COLLECTION CBU-SCHOOL TEXT BOOK COLLECTION   12/27/2022   SCHOOL TEXTBOOK Z03007574 12/27/2022 2 12/27/2022 MONOGRAPH
          CBU-SCHOOL TEXT BOOK COLLECTION CBU-SCHOOL TEXT BOOK COLLECTION   12/27/2022   SCHOOL TEXTBOOK Z03007596 12/27/2022 3 12/27/2022 MONOGRAPH